01381cam a22003494i 4500003000900000005001700009008004100026020001500067035002700082040003300109082002300142100002500165245006400190264005700254300003800311336002100349337002500370338002300395505047700418526001000895526001000905526001000915526001000925526000800935526000800943526000800951526000800959526000800967526000800975526000800983630004000991PE-LiUPU20250731173153.0150623s r 000 0 d a0825410045 a(Sirsi) i9780825410048 aPE-LiUPUbspacPE-LiUPUerda04a223.207 7bA222211 aAdams, Jeff,eautor.10aSalmo 119 :buna odisea al corazón de Dios /cJeff Adams. 1aGrand Rapids, Michigan :bEditorial Portavoz,c1996. a320 páginas ;c23 centímetros atext2rdacontent aunmediated2rdamedia avolume2rdacarrier0 aBuscando desesperadamente el corazón de Dios. Como uedo llegar a ser limpio? (9-16). Sacándole el máximo provefcho a la vida (17-24). Consumido, cargado y edificado (25-32). La oración que captura el corazón de Dios (33-40). Como ser confiado sin ser arrogante. Acueérdate de acordate. Miporción del pastel. La escuela de la aflicción. Cómo permanecer estable en un mundo inestable. Casi echando por tierra, pero sólo casi. La absoluta palabra de Dios. aSEG42 aSEG41 aSEG40 aSEG39 aP94 aP87 aP86 aP85 aP77 aP76 aP35 aBiblia.pA.T.pSalmosxComentarios.